00669 a2200145 4500003000500000005001700005040000900022082001200031100002500043245005900068260003600127300001000163505033300173650001700506Nust20230206124457.0 cNust a968,KEP akeppel-Jones, Arthur aSouth Africa :ba short history /cArthur Keppel-Jones aNew YorkbHutchinson University a210:p aThe Half-Way House (Page-11), The Afrikaners (Page-24), Slaves and Hottentots (Page-38), The Bantu Trek (Page-51), The Great Trek (Page-65), Diamond and Englishmen (Page-82), The Imperial (Page-96), The Outlanders (Page-116), Nationalism (Page-145), Union and Disunity (Page-153), Race Relations (Page-166), Hertzog (Page-179).  aSouth Africa